000 00661nam a2200181Ia 4500
003 GCL
005 20240530104218.0
008 140319s9999 xx 000 0 ara d
040 _aGCL /
_cGCL
082 0 4 _a361.1
_bع م
100 1 _aعبدالمنعم محمد بدر
245 1 0 _aمشكلاتنا الاجتماعية : اسس نظرية ونماذج خليجية : الكتاب الاول الاسس النظرية /
_cعبدالمنعم محمد بدر
300 _a49 ص
650 0 4 _aالمشكلات الاجتماعية
650 0 4 _aالاجتماع، علم
650 0 4 _aالمشكلات الاجتماعية - نظرية
942 _2ddc
_cBK
999 _c45520
_d45520